|
|
|
|
| LEADER |
00000nam0a2200000 4500 |
| 001 |
36041 |
| 005 |
20231031000920.0 |
| 010 |
|
|
|a 5283005895
|
| 035 |
|
|
|a (RuTPU)RU\TPU\book\36502
|
| 035 |
|
|
|a BOOK00003154
|
| 090 |
|
|
|a 36041
|
| 100 |
|
|
|a 20011210d1992 m y0rusy50 ca
|
| 101 |
0 |
|
|a rus
|
| 102 |
|
|
|a RU
|
| 105 |
|
|
|a a j 001zy
|
| 200 |
1 |
|
|a Основы вакуумной техники
|e учебник
|f А. И. Пипко, В. Я. Плисковский
|
| 210 |
|
|
|a Москва
|c Энергоатомиздат
|d 1992
|
| 215 |
|
|
|a 334 с.
|c ил.
|
| 451 |
|
1 |
|0 (RuTPU)RU\TPU\book\36503
|t Основы вакуумной техники
|o учебник
|f А. И. Пипко [и др.]
|e 2-е изд., перераб. и доп.
|c Москва
|n Энергоиздат
|d 1981
|p 431 с.
|a Пипко, Анатолий Исаакович
|
| 610 |
1 |
|
|a физика
|
| 610 |
1 |
|
|a разреженные газы
|
| 610 |
1 |
|
|a теория
|
| 610 |
1 |
|
|a откачка
|
| 610 |
1 |
|
|a полное давление
|
| 610 |
1 |
|
|a парциальное давление
|
| 610 |
1 |
|
|a газовые потоки
|
| 610 |
1 |
|
|a измерение
|
| 610 |
1 |
|
|a вакуумные системы
|
| 610 |
1 |
|
|a учебные пособия
|
| 675 |
|
|
|a 621.52(075.8)
|v 3
|
| 700 |
|
1 |
|a Пипко
|b А. И.
|g Анатолий Исаакович
|
| 701 |
|
1 |
|a Плисковский
|b В. Я.
|g Владимир Яковлевич
|
| 801 |
|
0 |
|a RU
|b 63413507
|c 20011210
|g PSBO
|
| 801 |
|
2 |
|a RU
|b 63413507
|c 20201028
|g PSBO
|
| 900 |
|
|
|a Вакуумная техника
|
| 900 |
|
|
|a Масс-спектрометрические методы анализа
|
| 900 |
|
|
|a Вакуумное оборудование плазменных и ускорительных систем
|
| 900 |
|
|
|a Технология производства источников света
|
| 942 |
|
|
|c BK
|
| 952 |
|
|
|a 550700
|b 101500
|